000 00656nam a2200229Ia 4500
005 20241129104159.0
008 241129s9999||||xx |||||||||||||| ||und||
020 _a9781473937703
037 _aReference
040 _aRTL
_beng
_cRTL
041 _aeng
_2eng
084 _aU435 Q8.1-.4
_qRTL
100 _aLatham Alan
245 0 _aCity: Post-Modernity. 4 Vols
_cLatham Alan
260 _aNew Delhi
_bSage
_c2018
300 _axi,303p.
365 _aINR
_b16802.43
490 _aSage Benchmarks in Culture and Society
_v01502707: V1 (xi,303p)
650 _aGeography
942 _cRef
_hU435 Q8.1-.4
999 _c1224771
_d1224771